| 000 | 00789nam a2200217Ia 4500 | ||
|---|---|---|---|
| 003 | GCL | ||
| 008 | 140319s9999 xx 000 0 ara d | ||
| 040 |
_aGCL / _cGCL |
||
| 082 | 0 | 4 |
_a738.1 _bع ت |
| 100 | 1 | _aعلى حيدر صالح البدرى | |
| 245 | 1 | 0 |
_aالتقنيات العلمية لفن الخزف : _bالتزجيج والتلوين - الجزء الثانى والثالث / _cعلى حيدر صالح البدرى |
| 250 | _aالاولى | ||
| 260 |
_aالاردن : _bوزارة الثقافة الاردنية ، _c2002 |
||
| 300 |
_a219 ص ؛ _c24 سم |
||
| 490 |
_aسلسلة كتب ثقافية _v79 |
||
| 650 | 0 | 4 | _aالفن الزخرفى |
| 650 | 0 | 4 | _aالخزف |
| 650 | 0 | 4 | _aالخزف - طلاء |
| 650 | 0 | 4 | _aالخزف - تشكيل |
| 942 |
_2ddc _cBK |
||
| 999 |
_c8368 _d8368 |
||